African Demography (Record no. 33727)

MARC details
000 -LEADER
fixed length control field 00413nas a2200133 a 4500
008 - FIXED-LENGTH DATA ELEMENTS--GENERAL INFORMATION
fixed length control field 100408c19809999||||||||||||||||| || u
050 ## - LIBRARY OF CONGRESS CALL NUMBER
Classification number UNO(05)
110 ## - MAIN ENTRY--CORPORATE NAME
Corporate name or jurisdiction name as entry element United Nations Economic and Social Affairs (UNESA)
245 10 - TITLE STATEMENT
Title African Demography
260 ## - PUBLICATION, DISTRIBUTION, ETC.
Place of publication, distribution, etc. Legon
Name of publisher, distributor, etc. Research Cooperation and Publication Unit
Date of publication, distribution, etc. 1980
350 ## - PRICE (NR) (BK AM CF MU VM SE) [OBSOLETE]
Price 0.00
362 1# - DATES OF PUBLICATION AND/OR SEQUENTIAL DESIGNATION
Dates of publication and/or sequential designation Numbers 15-17
650 ## - SUBJECT ADDED ENTRY--TOPICAL TERM
Topical term or geographic name entry element POPULATION RESEARCH--AFRICA--PERIODICALS
Holdings
Withdrawn status Lost status Source of classification or shelving scheme Damaged status Not for loan Home library Current library Date acquired Total Checkouts Full call number Date last seen Price effective from Koha item type
          CBU-MAIN LIBRARY, KITWE. CBU-MAIN LIBRARY, KITWE. 11/30/2022   UNO(05) 11/30/2022 11/30/2022 MONOGRAPH